00862cam a22002294a 45000010009000000050017000090080041000260200023000670200018000900820022001081000025001302450064001552600050002193000033002694400061003025040051003636500032004146530022004469420012004689990017004809520135004971286839720121126151129.0020724s2003 njua b 001 0 eng  a0471266116 (cloth) a978047126611200a621.3824221bWON1 aWong, Kin-Lu.93149310aPlanar Antennas for Wireless Communications /cKin-Lu Wong. aHoboken, NJ :bJ. Wiley-Interscience,cc2003. axi, 301 p. :bill. ;c25 cm. 0aWiley series in microwave and optical engineering931494 aIncludes bibliographical references and index. 0aMicrostrip antennas.931495 bElecNovember2012 2ddccBB c17115d17087 00102ddc40708BaccahaMAINbMAINc1STd2012-11-26epurchaseg764.00h16429l0o621.3824 WONp000027845r2025-07-15 00:00:00yBB